000 01783nam a22002537a 4500
003 NALT
005 20251125232946.0
008 s2547 th tha d
040 _aNALT
041 _atha
090 _aKE101.1
_bส654จ 2547
100 0 _aสามารถ คัมภิรานนท์
110 0 _aสำนักงานเลขาธิการสภาผู้แทนราษฎร. สำนักกรรมาธิการ 3
245 1 0 _aเจตนารมณ์การพิจารณาร่างพระราชบัญญัติการเลือกตั้งสมาชิกสภาท้องถิ่นหรือผู้บริหารท้องถิ่น (ฉบับที่..) พ.ศ. ....
260 3 _aกรุงเทพฯ :
_bสำนักกรรมาธิการ 3 สำนักงานเลขาธิการสภาผู้แทนราษฎร,
_c2547
300 _a1 เล่ม :
_bตาราง ;
_c30 ซม.
610 _aสำนักงานเลขาธิการสภาผู้แทนราษฎร. สำนักกรรมาธิการ 3. กลุ่มงานคณะกรรมาธิการการวิทยาศาสตร์และเทคโนโลยี
650 0 4 _aการเลือกตั้งสมาชิกสภาท้องถิ่น (ร่าง พ.ร.บ.)
650 0 4 _aการเลือกตั้งสมาชิกสภาท้องถิ่น (ร่าง พ.ร.บ.)
850 _aNALT
856 4 0 _uhttps://hdl.handle.net/20.500.14156/423918
942 _cLB
_2lcc
999 _c43635
_d43635
998 _j109
_k อารีรัตน์ วิชาช่าง